000 00627nam a2200217Ia 4500
003 OSt
005 20220926045100.0
006 a|||||r|||| 00| 0
007 ta
008 220923b |||||||| |||| 00| 0 eng d
037 _cGeneral Book
040 _aRTL
_cRTL
_beng
041 _2eng
_aeng
082 _aU673:(G:55).5.P, P3
100 _aHelming Kathoriua
_9349821
245 0 _aSustainable Development of multifunctional Landsca
260 _c2003
700 _a Wiggering Hobert
_9349822
942 _hU673:(G:55).5.P, P3
_cGB
_2CC
999 _c676644
_d676644